Hymny jana Kasprowicza a ich konkretizácia v slovenskom vydaní z roku 1949 separát

Bibliographic Details
Main Author: Winczer, Pavol, 1935-2014 (Author)
Format: Book
Language:Slovak
Polish
PhysicalDescription:strana 68-76 24 cm
Published: [Miesto vydania nie je známe] [Vydavateľ nie je známy] 1981
Subjects:

MARC

LEADER 00000cam a2200000 4500
001 vtls011748569
003 SK-MaSNL
005 20260301143308.0
008 180815s1981 xo gr2 000 0 slo
015 |a SNBA2018/09 
020 |q (brožované) 
040 |a SNK  |b slo  |c SNK  |e rda 
041 0 |a slo  |a pol 
044 |a xo  |c SK 
072 7 |a 82-1/-8  |x Literatúra rôznych foriem a žánrov (o nej)  |2 konspekt 
080 |a 27‑535.7  |2 2011 
080 |a 821.162.1-1  |2 2011 
080 |a (04)  |2 2011 
100 1 |a Winczer, Pavol,  |d 1935-2014  |4 aut  |9 163469 
245 1 0 |a Hymny jana Kasprowicza a ich konkretizácia v slovenskom vydaní z roku 1949  |b separát  |c Pavol Winczer 
264 1 |a [Miesto vydania nie je známe]  |b [Vydavateľ nie je známy]  |c 1981 
300 |a strana 68-76  |c 24 cm 
336 |a text  |b txt  |2 rdacontent 
337 |a bez média  |b n  |2 rdamedia 
338 |a zväzok  |b nc  |2 rdacarrier 
546 |a Text čiastočne v poľšstine 
600 1 7 |a Kasprowicz, Jan,  |d 1860-1926  |2 SNKMA  |9 62122 
648 7 |a 1949  |2 SNKPH  |9 305903 
650 0 7 |a hymny  |2 SNKPH  |9 1628 
650 0 7 |a poľská poézia  |2 SNKPH  |9 83028 
650 0 7 |a Hymns  |2 SNKPHeng  |9 339976 
650 0 7 |a Polish poetry  |2 SNKPHeng  |9 414485 
655 7 |a separáty  |2 SNKPH  |9 70334 
655 7 |a Offprints  |2 SNKPHeng  |9 332606 
787 0 8 |i Separátny výtlačok z:  |t Slavia  |g Ročník XLX, číslo 4 (1989), strana 67-76 
958 |a OND 
958 |a PL 
958 |a LX 
999 |c 773213  |d 775143 
952 |a SNK  |b SNK  |y PREZ  |7 0  |p 17A1126410  |o snkSC 178902  |i snk2018/7451  |8 1  |0 0  |1 0  |4 0  |d 2018-03-28  |l 0  |r 2026-02-24 00:41:02  |w 2026-02-24